1760 1343 1129 1634 1421 1966 1176 1801 1894 1162 1607 1724 1709 1652 1347 1665 1700 1398 1592 1292 1410 1300 1818 1585 1254 1715 1649 1112 1198 1863 1945 1652 1536 1474 1082 1141 1024 1078 1543 1554 1411 1659 1708 1418 1536 1451 1809 1125 1153 1473 1366 1728 1057 1232 1470 1398 1054 1942 1829 1669 1641 1845 1222 1796 1570 1612 1884 1327 1146 1541 1346 1498 1996 1163 1800 1188 1951 1892 1003 1549 1956 1509 1501 1780 1396 1264 1259 1142 1203 1079 1136 1444 1301 1261 1023 1878 1972 1818 1223 BCNSPRNW ULIB Ver.6.0+V

เปลี่ยนเป็นภาษาไทย

Change to English
 แสดงรายละเอียดบรรณานุกรม
  กลับหน้าหลัก

Brief Record : Get Marc (ISO 2709) : E-mail record : QR code < ปิดหน้าต่าง
LEADER : 00000nam 2200000uu 4500
001    13399120077
003     ULIB
008    020711s|||| th a 000 0 tha d
020    9789741614813
099    นว.^bอ111ม
100    อ.ไชยวรศิลป์
245    แม่สายสะอื้น/^cอ.ไชยวรศิลป์
260     ^bม.ป.ท.,^cม.ป.ป.
300    367 หน้า หน้า
945    ^p245^l0^i024489
999    ^aวรรณษา ชูชัยมงคล
รายการนี้ยังไม่มีแท็ก
คุณยังไม่ได้ล็อกอิน คุณสามารถมีกิจกรรมร่วมกับเว็บไซต์ได้ แต่ต้องล็อกอินก่อน ::
  ล็อกอิน

รายการสื่อสารสนเทศ

ลำดับที่ ประเภท เลขเรียก/บาร์โค้ด สถานที่ สถานะ
1. นวนิยาย
นวนิยาย
นว. อ111ม ฉ.1 
  Barcode: 024489
ห้องสมุดวิทยาเขตสวรรค์ประชารักษ์
►นวนิยาย
บนชั้น
  ขอยืม

BibComment


ยังไม่เคยถูกคอมเมนท์

คอมเมนท์ทรัพยากรรายการนี้
  คอมเมนท์: แม่สายสะอื้น อไชย..


 Copyright 2026. Bcnsprnw @Library